000 00443cam a2200193 4500
001 D6281
008 090401t1980 xxu||||| |||| 00| 0 eng d
035 _a(Sirsi) u94013
041 _aeng
050 _a336.2424
100 _aJoseph, Clifford
245 _aDevelopment Land Tax: a practical guide
250 _a2nd
260 _aLondon
_bOyez
_c1980
300 _axxvii. 234p. 22cm
350 _a0
942 _n0
948 _c04/03/1997
999 _c97878
_d97878